000 00242nam a22001097a 4500
999 _c13458
_d13458
082 _a956.62
_bMAS
100 _aMasud Akhter Shaikh,Colonel
245 _aLies, Lies, and more lies
260 _aIslamabad
_bEncore
300 _a251
942 _cBK